AH International Schools' Libraries

Vets / (Record no. 49327)

MARC details
000 -LEADER
fixed length control field 00325nam a2200121 4500
020 ## - INTERNATIONAL STANDARD BOOK NUMBER
International Standard Book Number 9780755504060
100 ## - MAIN ENTRY--PERSONAL NAME
Personal name Hargreaves, Roger
9 (RLIN) 68107
245 ## - TITLE STATEMENT
Title Vets /
Statement of responsibility, etc Roger Hargreaves
260 ## - PUBLICATION, DISTRIBUTION, ETC. (IMPRINT)
Place of publication, distribution, etc Great Britain
Name of publisher, distributor, etc HarperCollins
Date of publication, distribution, etc 2022
300 ## - PHYSICAL DESCRIPTION
Extent unpaged.
Other physical details col. ill.
Dimensions 23 cm.
490 ## - SERIES STATEMENT
Series statement Mr. Men/ Little Miss
942 ## - ADDED ENTRY ELEMENTS (KOHA)
Source of classification or shelving scheme
Koha item type Book
Holdings
Withdrawn status Lost status Source of classification or shelving scheme Damaged status Not for loan Home library Current library Shelving location Date acquired Total Checkouts Full call number Barcode Checked out Date last seen Date checked out Price effective from Koha item type
          Asian Hope Early Years Library Asian Hope Early Years Library Easy Reading 08/18/2025 10 E HAR 208889 04/28/2026 04/28/2026 04/28/2026 08/18/2025 Book

For any Logos Library related questions please contact Miss Art at swongnarasuk@asianhope.org.

For any Asian Hope Library related questions please contact Miss Raza at graza@asianhope.org.

Powered by Koha